• 首页
  • 本馆介绍
  • 公告通知
  • 最新文献
  • 馆藏检索
  • 电子资源
  • 读者导购
  • 参考咨询
  • 我的图书馆
  • 登录
  • 详细信息显示
  • 放入我的书架
  • 预约/预借图书
  • 作者相关作品
  • 分类相关作品
  • 丛书相关作品
  • 出版社相关作品

书目信息

  • 表格格式
  • 工作单格式
  • 卡片格式
题名:
能量原理与结构分析
    
 
作者: 阿吉里斯 著 ;邰成勋 译
分册:  
出版信息: 北京   科学出版社  1978
页数: 311页
开本: 19cm
丛书名:
单 册:
中图分类: O343
科图分类:
主题词: 能量法-弹性分析 , 弹性分析-能量法
电子资源:
ISBN:
000 00722nam0 2200253 45
001 0178005972
005 20060523103127.37
010    @dCNY1.25
091    @a13031.767
100    @a19950726d1978 em y0chiy0121 ea
101 1  @achi
102    @aCN@b110000
105    @ay z 000yy
200 10 @a能量原理与结构分析@Aneng liang yuan li yu jie gou fen xi@f阿吉里斯(J.H.Argyris)著@Fa ji li si(J.H.Argyris)zhu@g邰成勋译
210    @a北京@c科学出版社@d1978
215    @a311页@d19cm
606    @a能量法-弹性分析
606    @a弹性分析-能量法
610 0  @a结构分析
690    @aO343@v3
701  1 @a阿吉里斯@Aa ji li si@bJ.H.@4著
702  0 @a邰成勋@Atai cheng xun@4译
801  0 @aCN@bNLC@c20060523
905    @dO343@e1
    
    能量原理与结构分析/阿吉里斯(J.H.Argyris)著/邰成勋译.-北京:科学出版社,1978
    311页;19cm
    
    
    ISBN :CNY1.25
    
●
相关链接 在E读中查询图书 在五车中查询图书 在当当中查询图书 在豆瓣中查询图书


正题名:能量原理与结构分析     索取号:O343/1         预约/预借

序号 登录号 条形码 馆藏地/架位号 状态 备注
1 0004916   202371030   密集书库/ [索取号:O343/1] 在馆    
2 0008863   202371021   密集书库/ [索取号:O343/1] 在馆    
3 0008864   000385005   第三借阅区/ [索取号:O343/1] 在馆    
唐山师范学院图书馆 欢迎您!
大连网信软件有限公司© 版权所有